000 00737nam a2200229Ia 4500
003 OSt
005 20250902152951.0
008 210716s2009 xx 000 0 und d
020 _a9788184044140
040 _cAIMIT LIBRARY
041 _aeng
082 _a005.7406
_bSANR
100 _aSanders, Roger E.
_9237991
245 _aDB2 9:
_bFor linux unix and windows database administration certification study guide /
_cBy Roger E. Sanders.
250 _a1
260 _aMumbai
_bShroff Publishers and Distributors Pvt Ltd
_c2009
300 _axxii,868p.;
_bPB
_c23.7 cm.
650 _aData placement
_9237992
650 _aAnalyzing db2 acftivity
_9237993
650 _aHigh Availability
_9237994
942 _2ddc
_cBK
_k005.7406 SANR
999 _c191084
_d191084